Иванова Маргарита Васильевна - путь длиною в жизнь... (1929-2012) (Запись № 12172020)
[ простой вид ]
| 000 -МАРКЕР | |
|---|---|
| контрольное поле | 02231nam0a2200337 4500 |
| 001 - ИДЕНТИФИКАТОР ЗАПИСИ | |
| контрольное поле | RU\NLR\BIBL_A\012157018 |
| 005 - ИДЕНТИФИКАТОР ВЕРСИИ | |
| контрольное поле | 20200109140529.0 |
| 010 ## - МЕЖДУНАРОДНЫЙ СТАНДАРТНЫЙ НОМЕР КНИГИ (ISBN) | |
| Номер (ISBN) | 978-5-6042038-3-5 |
| Тираж | 100 |
| 021 ## - НОМЕР ГОСУДАРСТВЕННОЙ РЕГИСТРАЦИИ | |
| Код страны | Российская Федерация |
| Номер | КН-П-19-083180 |
| Номер Листа государственной регистраци | КН-П-19-6046 |
| 035 ## - ДРУГИЕ СИСТЕМНЫЕ НОМЕРА | |
| Идентификатор записи | (NLR Aleph) 012157018 |
| 035 ## - ДРУГИЕ СИСТЕМНЫЕ НОМЕРА | |
| Идентификатор записи | (RuMoRGB)010144801 |
| 100 ## - ДАННЫЕ ОБЩЕЙ ОБРАБОТКИ | |
| Данные общей обработки | 20191206d2019 u y0rusy50 ca |
| 101 0# - ЯЗЫК РЕСУРСА | |
| Язык текста, звукозаписи и т.д. | русский |
| 102 ## - СТРАНА ПУБЛИКАЦИИ ИЛИ ПРОИЗВОДСТВА | |
| Страна публикации | Российская Федерация |
| 105 ## - ПОЛЕ КОДИРОВАННЫХ ДАННЫХ: ТЕКСТОВЫЕ МАТЕРИАЛЫ, МОНОГРАФИЧЕСКИЕ | |
| Кодированные данные о монографическом текстовом документе | achzzz0|||yzb |
| 200 1# - ЗАГЛАВИЕ И СВЕДЕНИЯ ОБ ОТВЕТСТВЕННОСТИ | |
| Основное заглавие | Иванова Маргарита Васильевна - путь длиною в жизнь... (1929-2012) |
| Сведения, относящиеся к заглавию | к 90-летию со дня рождения |
| -- | [воспоминания о докторе медицинских наук, профессоре |
| -- | сборник статей] |
| Первые сведения об ответственности | Министерство науки и высшего образования Российской Федерации, Медицинская академия имени С. И. Георгиевского , Федеральное государственное бюджетное образовательное учреждение высшего образования "Крымский федеральный университет им. В. И. Вернадского" |
| Последующие сведения об ответственности | [под редакцией Г. Э. Сухаревой] |
| 210 ## - ПУБЛИКАЦИЯ, РАСПРОСТРАНЕНИЕ И ДР. | |
| Место издания, распространения и т.д. | Симферополь |
| Имя издателя, распространителя и т. д. | ИП Корниенко А.А |
| Дата издания, распространения и т.д. | 2019 |
| 215 ## - ФИЗИЧЕСКАЯ ХАРАКТЕРИСТИКА | |
| Специфическое обозначение материала и объем | 79 с., [2] л. цв. ил. |
| Другие сведения о физической характеристике | ил., цв. ил., портр., факс. |
| Размеры | 21 |
| 600 #1 - ИМЯ ЛИЦА КАК ПРЕДМЕТ | |
| Начальный элемент ввода | Иванова |
| Часть имени, кроме начального элемента ввода | М. В. |
| Расширение инициалов личного имени | Маргарита Васильевна |
| Даты | 1929 - 2012 |
| Формальный подзаголовок | Воспоминания, записки и т.п |
| Код системы | nlr_sh2 |
| Идентификатор авторитетной/нормативной записи | RU\NLR\AUTH\6601666506 |
| 686 1# - ИНДЕКСЫ ДРУГИХ КЛАССИФИКАЦИЙ | |
| Индекс | Р.г(2)7д Иванова |
| 686 1# - ИНДЕКСЫ ДРУГИХ КЛАССИФИКАЦИЙ | |
| Индекс | Ч488.94(2Р)7-8Иванова |
| 702 #1 - ИМЯ ЛИЦА - ВТОРИЧНАЯ ОТВЕТСТВЕННОСТЬ | |
| Начальный элемент ввода | Сухарева |
| Часть имени, кроме начального элемента ввода | Г. Э. |
| Расширение инициалов личного имени | Галина Эриковна |
| Код отношения | Редактор |
| 702 #1 - ИМЯ ЛИЦА - ВТОРИЧНАЯ ОТВЕТСТВЕННОСТЬ | |
| Начальный элемент ввода | Иванова |
| Часть имени, кроме начального элемента ввода | М. В. |
| Дополнения к именам, кроме дат | д-р мед. наук, педиатрия |
| Даты | 1929-2012 |
| Расширение инициалов личного имени | Маргарита Васильевна |
| Идентификатор авторитетной/нормативной записи | RU\NLR\AUTH\770214213 |
| 712 02 - НАИМЕНОВАНИЕ ОРГАНИЗАЦИИ - ВТОРИЧНАЯ ОТВЕТСТВЕННОСТЬ | |
| Начальный элемент ввода | Медицинская академия им С. И. Георгиевского |
| Идентифицирующий признак | Симферополь |
| Идентификатор авторитетной/нормативной записи | RU\NLR\AUTH\880416385 |
| Код отношения | Прочие |
| 942 ## - ДОПОЛНИТЕЛЬНЫЕ ЭЛЕМЕНТЫ ЗАПИСИ (АБИС) | |
| Тип экземпляра АБИС | Книга |
| 980 ## - КОЛЛЕКЦИЯ | |
| Название коллекции | НБР |
| 980 ## - КОЛЛЕКЦИЯ | |
| Название коллекции | Национальная библиография |
Нет доступных экземпляров.